000 00766nam a2200229 a 4500
001 000028280
005 20240412074253.0
008 110407s2010 dr a r 000 p spa d
020 _a9789945163780
040 _aDO-SdBNP
_bspa
_cBNPHU
082 _aRD861.5
_bM385d
100 1 _aMartínez Mejía, Wendy S.
_955280
245 1 0 _aDesde el espejo /
_cWendy S. Martínez Mejía ; prólogo Tony Raful.
260 _aSanto Domingo :
_bBúho,
_c2010.
300 _a116 p. :
_bil. ;
_c23 cm.
500 _aIncluye datos biográficos del autor en las solapas
590 _aInventariado, 2018/BT
650 0 _aPoesía dominicana
_966
650 0 _aLiteratura dominicana.
_967
700 1 _aRaful, Tony,
_d1951-
_epról.
_91377
910 _aValidado. Control de calidad. MFF
999 _c27772
_d27772